| 000 | 01380nam a22003857a 4500 | ||
|---|---|---|---|
| 003 | CHAP | ||
| 005 | 20220329143522.0 | ||
| 008 | 100325s2009 mx r 00010 spa d | ||
| 010 | _a97895 | ||
| 011 | _a98867 | ||
| 035 | _a109552 | ||
| 040 | _cCHAP | ||
| 090 | _aTesis | ||
| 100 | 1 |
_aOrtíz Contla, HéctoA. _984108 |
|
| 245 | 1 | 0 |
_aAnálisis del manejo tradicional de pastizales con fuego en el Ajusco _c/por Héctor Ortiz Contla |
| 260 |
_aChapingo, Méx. : _bEl autor, _c2009 |
||
| 300 |
_ax, 55 h. : _bcuadros, gráfs. |
||
| 502 | _aTesis (M.C. en Ciencias Forestales) -- UACH. División de Ciencias Forestales | ||
| 590 |
_aALEPH _b10 _c20130110 _lUCH01 _h1533 |
||
| 590 |
_aBATCH-UPD _b10 _c20130110 _lUCH01 _h1545 |
||
| 590 |
_aBATCH-UPD _b10 _c20130410 _lUCH01 _h0945 |
||
| 590 |
_aBATCH-UPD _b10 _c20130914 _lUCH01 _h0724 |
||
| 590 |
_aCONVERSION _b10 _c20130109 _lUCH01 _h1354 |
||
| 650 | 1 | 4 |
_aBosques _xMéxico (D.F.) _914347 |
| 650 | 1 | 4 |
_aFestuca tolucensis. _940666 |
| 650 | 1 | 4 |
_aPastizales _xManejo. _985944 |
| 650 | 1 | 4 |
_aPastizales _xRegeneración. _985957 |
| 650 | 1 | 4 |
_aPastoreo. _985984 |
| 650 | 1 | 4 |
_aPinus hartwegii. _988340 |
| 650 | 1 | 4 |
_aQuema controlada. _993164 |
| 901 | _aBK | ||
| 942 | _cFOLL | ||
| 949 |
_aTesis _bBC _cTES _d33724002160842 _eTS1 _gDonaciØn _h50185 _i109552 _st |
||
| 949 |
_aTesis _bBC _cTES _d33724002160884 _eTS2 _fc.2 _gDonaciØn _h50186 _i109552 _st |
||
| 999 |
_c97895 _d97895 |
||